Music Quiz

Random Music or Lyrics Quiz
Score 0/198 Timer 10:00
1 Play Today
% Correct
[Chorus 2]
99.5%
[Chorus 1]
98.9%
I
96.7%
I
96.7%
We
96%
We
96%
We
96%
We
96%
We
96%
We
96%
we
96%
We
96%
a
95.9%
a
95.9%
a
95.9%
a
95.9%
the
92.2%
the
92.2%
the
92.2%
the
92.2%
the
92.2%
the
92.2%
the
92.2%
the
92.2%
be
91.7%
be
91.7%
in
91.5%
in
91.5%
in
91.5%
in
91.5%
in
91.5%
in
91.5%
in
91.5%
in
91.5%
in
91.5%
royals.
90.6%
never
90.5%
never
90.5%
And
89.6%
And
89.6%
and
89.6%
and
89.6%
And
89.6%
and
89.6%
on
85.7%
on
85.7%
on
85.7%
on
85.7%
of
84.4%
of
84.4%
of
84.4%
You
83.6%
my
82.6%
my
82.6%
My
82.6%
diamond
81.3%
no
80.9%
to
79.9%
we'll
79.1%
our
78.7%
our
78.7%
our
78.7%
don't
78.1%
don't
78.1%
don't
78.1%
I've
77.8%
% Correct
seen
77.6%
me
76.9%
me
76.9%
me
76.9%
teeth
76.9%
teeth,
76.9%
not
76.6%
your
75.8%
your
75.8%
your
75.8%
your
75.8%
movies.
75.1%
love
74.7%
love
74.7%
love
74.7%
Queen
74.7%
Queen.
74.7%
That
74.6%
that
74.6%
that
74.6%
up
74.6%
up
74.6%
up
74.6%
rings
74.3%
wedding
74%
can
74%
care.
74%
care.
74%
care.
74%
ever
73.7%
Bee,
73.6%
I'm
73.3%
I'm
73.3%
gold
72.9%
gold
72.9%
from
72.8%
every
72.4%
We're
72.4%
we're
72.4%
We're
72.4%
like
71.9%
like
71.9%
us.
71.8%
us
71.8%
cut
71.7%
flesh.
70.4%
blood.
70.3%
for
70.2%
rule. (x3)
69.3%
kind
69.2%
kind
69.2%
Let
68.5%
Let
68.5%
It
68.4%
call
68.3%
proud
68.1%
town,
66.7%
I'll
66.2%
live
66.1%
envy.
66%
address,
65.8%
different
65%
fantasy.
64.9%
just
64.6%
dreams.
64.6%
ruler.
64.1%
% Correct
ain't
62.4%
affair.
62.3%
affair.
62.3%
postcode
62.3%
room.
62.2%
But
62.1%
But
62.1%
bathroom,
62.1%
Grey
61.7%
caught
61.7%
caught
61.7%
Goose,
61.6%
hotel
61.5%
torn-
61.5%
drivin'
61.4%
is
60.7%
baby
59.8%
Cadillacs
59.7%
crave
58.8%
with
57.2%
with
57.2%
buzz.
55.2%
leash.
55.1%
friends
55%
this.
54.9%
trashin'
54.7%
tigers
54.7%
who
54.1%
money.
53.7%
ball
53.7%
aren't
53.3%
aren't
53.3%
party.
52.2%
everyone
51.9%
code.
51.8%
run
51.7%
knows
51.6%
knows
51.6%
come
51.6%
gowns,
51.3%
diamonds
50.3%
trippin'
50.3%
song's
49.8%
Cristal,
49.4%
train
48%
dollars
47.8%
count
47.2%
didn't
47.2%
cracked
46.7%
everybody's
45.5%
fine
45.3%
timepiece,
44.6%
bloodstains,
44.4%
being
42.9%
jet
41.8%
we've
41.5%
planes,
40.8%
Life
39.4%
islands,
38.2%
Maybach,
36.5%
luxe
36.4%
than
31.1%
without
30.7%
bigger
27.7%
dreamed,
26.6%
great
22.2%
Remove Ads.
Support Sporcle.
Get the best of Sporcle when you Go Orange. This ad-free experience offers more features, more stats, and more fun while also helping to support Sporcle. Thank you for becoming a member.

You're not logged in!

Compare scores with friends on all Sporcle quizzes.
OR
Log In

Show Comments

Extras

Top Quizzes Today


Score Distribution

Your Account Isn't Verified!

In order to create a playlist on Sporcle, you need to verify the email address you used during registration. Go to your Sporcle Settings to finish the process.

Report this User

Report this user for behavior that violates our Community Guidelines.

Details: